书目信息 |
| 题名: |
青年必知奥林匹克知识精华读本
|
|
| 作者: | 张勇 , 张闯 编著 | |
| 分册: | ||
| 出版信息: | 延吉 延边人民出版社 2004 |
|
| 页数: | 423页 | |
| 开本: | 21cm | |
| 丛书名: | 21世纪青年知识文库 | |
| 单 册: | ||
| 中图分类: | G811.21 | |
| 科图分类: | ||
| 主题词: | 奥运会--青年读物 , 奥运会 | |
| 电子资源: | ||
| ISBN: | 7-80648-681-X | |
| 000 | 00971nam 2200265 450 | |
| 001 | 0150565004 | |
| 005 | 20081224105351.39 | |
| 010 | @a7-80648-681-X@dCNY28.80 | |
| 100 | @a20050323d2004 km y0chiy0120 ea | |
| 101 | 0 | @achi |
| 102 | @aCN@b220000 | |
| 105 | @ay z 000yy | |
| 200 | 1 | @a青年必知奥林匹克知识精华读本@Aqing nian bi zhi ao lin pi ke zhi shi jing hua du ben@f张勇, 张闯编著@Fzhang yong,zhang chuang bian zhu |
| 210 | @a延吉@c延边人民出版社@d2004 | |
| 215 | @a423页@d21cm | |
| 225 | 2 | @a21世纪青年知识文库 |
| 330 | @a本书介绍了奥林匹克的历史,阐述了奥林匹克的组织与精神,介绍了奥运会的竞技项目,以及各届奥运会上的耀眼明星,并突出分析了现代奥运与科技、环保、文化、经济发展等各方面的关系。 | |
| 410 | 0 | @12001 @a21世纪青年知识文库 |
| 606 | 0 | @a奥运会@x青年读物 |
| 606 | 0 | @a奥运会 |
| 690 | @aG811.21@v4 | |
| 701 | 0 | @a张勇@Azhang yong@4编著 |
| 701 | 0 | @a张闯@Azhang chuang@4编著 |
| 801 | 0 | @aCN@bRULIN@c20081224 |
| 905 | @aZUCC@dG811.21@eZ232-2 | |
| 青年必知奥林匹克知识精华读本/张勇, 张闯编著.-延吉:延边人民出版社,2004 |
| 423页;21cm.-(21世纪青年知识文库) |
| ISBN 7-80648-681-X:CNY28.80 |
| 本书介绍了奥林匹克的历史,阐述了奥林匹克的组织与精神,介绍了奥运会的竞技项目,以及各届奥运会上的耀眼明星,并突出分析了现代奥运与科技、环保、文化、经济发展等各方面的关系。 |
| ● |
| 相关链接 |
|
|
|
正题名:青年必知奥林匹克知识精华读本
索取号:G811.21/Z232-2
 
预约/预借
| 序号 | 登录号 | 条形码 | 馆藏地/架位号 | 状态 | 备注 |
| 1 | 715944 | 207159448 | 社科库409/409社科库 21排1列5层/ [索取号:G811.21/Z232-2] | 在馆 | |
| 2 | 715945 | 207159457 | 社科库409/409社科库 21排1列5层/ [索取号:G811.21/Z232-2] | 在馆 |